[Event "ODJM B 2018"]
[Site "Willingen GER"]
[Date "2018.05.24"]
[Round "7"]
[White "Toth, Marc"]
[Black "Ljuca, Rijad"]
[Result "1-0"]
[Termination "normal"]
[Board "52"]
[WhiteElo "1434"]
[BlackElo "1441"]
[PlyCount "29"]
[WhiteFideId "16260210"]
[BlackFideId "16216121"]
[EventCountry "GER"]
[EventRounds "9"]
[EventType "swiss"]
[EventDate "2018.05.19"]

1. e4 c5 2. Nf3 e6 3. d4 cxd4 4. Nxd4 Nc6 5. Nc3 Nf6 6. Be2 Bb4 7. Nxc6 bxc6 8.
Qd3 d5 9. exd5 cxd5 10. Qb5+ Bd7 11. Qxb4 a5 12. Qd4 O-O 13. O-O Re8 14. Bf4
Qe7 15. Be5 1-0

[Event "ODJM B 2018"]
[Site "Willingen GER"]
[Date "2018.05.24"]
[Round "7"]
[White "Hagenbeck-Hübert, Jan"]
[Black "Götz, Timon"]
[Result "0-1"]
[Termination "normal"]
[Board "54"]
[WhiteElo "1493"]
[BlackElo "1413"]
[PlyCount "76"]
[WhiteFideId "16259505"]
[BlackFideId "16245040"]
[EventCountry "GER"]
[EventRounds "9"]
[EventType "swiss"]
[EventDate "2018.05.19"]

1. e4 c5 2. c4 g6 3. Nc3 Bg7 4. g3 Nc6 5. Bg2 a6 6. Nf3 Rb8 7. d3 b5 8. cxb5
axb5 9. a3 d6 10. O-O Bg4 11. Qc2 Bxf3 12. Bxf3 Nd4 13. Qd1 e6 14. Bg2 Ne7 15.
Ne2 Nec6 16. Rb1 O-O 17. Be3 Qd7 18. Nc1 b4 19. axb4 Nxb4 20. Bd2 Nbc6 21. Bc3
Nf3+ 22. Qxf3 Bxc3 23. b3 Bg7 24. Qd1 Rb5 25. Re1 Nd4 26. f4 Rfb8 27. Kf2 Qa7
28. f5 Nxb3 29. fxe6 fxe6 30. Bf3 Nxc1 31. Rxc1 Rb2+ 32. Re2 c4+ 33. Kg2 c3 34.
Rec2 Qa2 35. Kh1 Rxc2 36. Rxc2 Rb2 37. Rc1 Rxh2+ 38. Kg1 Qf2# 0-1

[Event "ODJM B 2018"]
[Site "Willingen GER"]
[Date "2018.05.24"]
[Round "7"]
[White "Schilay, Maria"]
[Black "Schelhorn, Paul"]
[Result "0-1"]
[Termination "normal"]
[Board "55"]
[WhiteElo "1354"]
[BlackElo "1759"]
[PlyCount "88"]
[WhiteFideId "12942979"]
[BlackFideId "12964077"]
[EventCountry "GER"]
[EventRounds "9"]
[EventType "swiss"]
[EventDate "2018.05.19"]

1. e4 e5 2. Nf3 Nc6 3. Nc3 Bb4 4. d3 d6 5. Be2 h6 6. Be3 Nf6 7. O-O Bxc3 8.
bxc3 d5 9. exd5 Nxd5 10. Qd2 Bf5 11. Rad1 Qf6 12. h3 e4 13. dxe4 Bxe4 14. Nd4
Nxd4 15. Bxd4 Qg6 16. f3 Bxc2 17. Rc1 Bf5 18. Kh1 Be6 19. Rfe1 O-O 20. Bc4 Rfd8
21. Bb3 c6 22. Rcd1 {(=)} Nc7 23. Qe3 Re8 24. Qf2 Nb5 25. c4 Nd6 26. Rc1 Nf5
27. Be5 Rad8 28. Bh2 Qg5 29. Rcd1 Rxd1 30. Rxd1 Nh4 31. Bg3 Nf5 32. Bh2 a5 33.
Re1 Rd8 34. f4 Qf6 35. Bg1 Qc3 36. Rb1 Rd2 37. Qe1 Ng3+ 38. Kh2 Nf1+ 39. Kh1
Ng3+ 40. Kh2 Ne4 41. Kh1 Qd3 42. Bh2 Bxh3 43. Bg1 Bxg2+ 44. Kh2 Qh3# 0-1

[Event "ODJM B 2018"]
[Site "Willingen GER"]
[Date "2018.05.24"]
[Round "7"]
[White "Trams, Emma Joe"]
[Black "Bardorz, Stefan"]
[Result "1-0"]
[Termination "normal"]
[Board "56"]
[WhiteElo "1359"]
[BlackElo "1714"]
[PlyCount "67"]
[WhiteFideId "16206517"]
[BlackFideId "16245474"]
[EventCountry "GER"]
[EventRounds "9"]
[EventType "swiss"]
[EventDate "2018.05.19"]

1. e4 e5 2. Nf3 Nc6 3. Bb5 a6 4. Ba4 Nf6 5. O-O b5 6. Bb3 Be7 7. d3 d6 8. h3
Na5 9. c3 Nxb3 10. Qxb3 O-O 11. Bg5 Rb8 12. Nbd2 c5 13. Qd1 h6 14. Be3 d5 15.
exd5 Qxd5 16. d4 exd4 17. cxd4 cxd4 18. Bxd4 Nh5 19. Re1 Bg5 20. Re5 Qd8 21.
Ne4 f6 22. Qb3+ Kh8 23. Rd5 Qe8 24. Nexg5 fxg5 25. Re5 Qg6 26. Rae1 g4 27. Nh4
Qc6 28. Rxh5 gxh3 29. gxh3 Bb7 30. f3 Rxf3 31. Nxf3 Qg6+ 32. Kh2 Qxh5 33. Ne5
Qh4 34. Ng6+ 1-0

[Event "ODJM B 2018"]
[Site "Willingen GER"]
[Date "2018.05.24"]
[Round "7"]
[White "Guo, Philipp Ziming"]
[Black "Färber, Sophie"]
[Result "1-0"]
[Termination "normal"]
[Board "58"]
[WhiteElo "1453"]
[BlackElo "1421"]
[PlyCount "33"]
[WhiteFideId "16245199"]
[BlackFideId "16239121"]
[EventCountry "GER"]
[EventRounds "9"]
[EventType "swiss"]
[EventDate "2018.05.19"]

1. e4 e5 2. Nf3 Nc6 3. d4 exd4 4. Nxd4 Bc5 5. Be3 Qf6 6. c3 Nge7 7. Be2 d5 8.
Nb5 Bxe3 9. fxe3 Qe5 10. exd5 Nxd5 11. Qxd5 Qxd5 12. Nxc7+ Kd7 13. Nxd5 Kd6 14.
Nf4 Re8 15. Na3 Be6 16. Nb5+ Kd7 17. Rd1+ 1-0

[Event "ODJM B 2018"]
[Site "Willingen GER"]
[Date "2018.05.24"]
[Round "7"]
[White "Frank, Cillian"]
[Black "Hierl, Johannes"]
[Result "1/2-1/2"]
[Termination "normal"]
[Board "59"]
[WhiteElo "1339"]
[BlackElo "1355"]
[PlyCount "67"]
[WhiteFideId "16245202"]
[BlackFideId "16235096"]
[EventCountry "GER"]
[EventRounds "9"]
[EventType "swiss"]
[EventDate "2018.05.19"]

1. e4 e6 2. d4 d5 3. Nc3 c5 4. dxc5 Nf6 5. exd5 Nxd5 6. Bb5+ Nc6 7. Nxd5 Qxd5
8. Qxd5 exd5 9. Be3 Be7 10. Nf3 O-O 11. Bxc6 bxc6 12. O-O Re8 13. Bd4 Bf5 14.
c3 f6 15. Rfe1 Kf7 16. b4 a6 17. a3 Bd3 18. Be3 g6 19. Bd4 Be4 20. Nd2 Bf5 21.
c4 Be6 22. cxd5 Bxd5 23. Ne4 f5 24. Nd6+ Bxd6 25. cxd6 Rad8 26. Bc5 Rxe1+ 27.
Rxe1 Re8 28. Rxe8 Kxe8 29. f3 Be6 30. h3 Bd7 31. g4 fxg4 32. hxg4 Kf7 33. Kf2
Ke6 34. Ke3 1/2-1/2

[Event "ODJM B 2018"]
[Site "Willingen GER"]
[Date "2018.05.24"]
[Round "7"]
[White "Abou Wally, Adrian"]
[Black "Ramien, Hannah"]
[Result "1/2-1/2"]
[Termination "normal"]
[Board "60"]
[WhiteElo "1183"]
[BlackElo "1274"]
[PlyCount "56"]
[WhiteFideId "16245113"]
[BlackFideId "16209982"]
[EventCountry "GER"]
[EventRounds "9"]
[EventType "swiss"]
[EventDate "2018.05.19"]

1. e4 e5 2. Nf3 Nc6 3. Bc4 Nf6 4. d3 Be7 5. c3 d6 6. O-O O-O 7. Nbd2 a6 8. Bb3
Na5 9. Bc2 c5 10. Re1 Nc6 11. h3 h6 12. Nf1 Re8 13. Ng3 Bf8 14. d4 cxd4 15.
cxd4 d5 16. exd5 Nxd4 17. Nxd4 exd4 18. Rxe8 Qxe8 19. Qxd4 Qe1+ 20. Kh2 Bd7 21.
b3 Qa5 22. Bb2 Qxd5 23. Qxd5 Nxd5 24. Rd1 Be6 25. Be4 Nb4 26. a3 Nc6 27. b4 Bb3
28. Rd7 Rb8 1/2-1/2

[Event "ODJM B 2018"]
[Site "Willingen GER"]
[Date "2018.05.25"]
[Round "8"]
[White "Breß, Aaron"]
[Black "Brunner, Tobias"]
[Result "0-1"]
[Termination "normal"]
[Board "1"]
[WhiteElo "1701"]
[BlackElo "1919"]
[WhiteClock "00:00:56"]
[BlackClock "00:59:57"]
[PlyCount "50"]
[WhiteFideId "12996432"]
[BlackFideId "12949833"]
[EventCountry "GER"]
[EventRounds "9"]
[EventType "swiss"]
[EventDate "2018.05.19"]

1. e4 {[%clk 1:30:53]} 1... d5 {[%clk 1:30:39]} 2. exd5 {[%clk 1:30:34]} 2...
Qxd5 {[%clk 1:31:01]} 3. Nc3 {[%clk 1:30:51]} 3... Qa5 {[%clk 1:31:26]} 4. d4 {
[%clk 1:30:33]} 4... c6 {[%clk 1:31:12]} 5. Bc4 {[%clk 1:30:45]} 5... Nf6 {
[%clk 1:30:46]} 6. Nf3 {[%clk 1:30:10]} 6... Bf5 {[%clk 1:30:46]} 7. Bd2 {
[%clk 1:29:40]} 7... Qc7 {[%clk 1:29:21]} 8. Ne5 {[%clk 1:29:31]} 8... e6 {
[%clk 1:29:11]} 9. g4 {[%clk 1:28:38]} 9... Be4 {[%clk 1:27:34]} 10. f3 { [%clk
1:17:50]} 10... Bd5 {[%clk 1:26:43]} 11. Nxd5 {[%clk 1:16:34]} 11... Nxd5
{[%clk 1:26:57]} 12. Qe2 {[%clk 1:03:59]} 12... Nd7 {[%clk 1:21:48]} 13. O-O-O
{[%clk 0:55:46]} 13... Nxe5 {[%clk 1:15:37]} 14. dxe5 {[%clk 0:54:46]} 14...
O-O-O {[%clk 1:15:42]} 15. f4 {[%clk 0:52:19]} 15... Bc5 {[%clk 1:12:38]} 16.
Rhe1 {[%clk 0:38:09]} 16... Qb6 {[%clk 1:04:20]} 17. Bb3 {[%clk 0:24:24]} 17...
Rd7 {[%clk 1:00:07]} 18. Bxd5 {[%clk 0:16:01]} 18... Rxd5 {[%clk 1:00:06]} 19.
Bc3 {[%clk 0:04:56]} 19... Rhd8 {[%clk 0:59:53]} 20. Rxd5 {[%clk 0:05:00]}
20... Rxd5 {[%clk 1:00:17]} 21. Rd1 {[%clk 0:04:27]} 21... Be3+ {[%clk 1:00:32]
} 22. Bd2 {[%clk 0:02:54]} 22... Rxd2 {[%clk 1:00:37]} 23. Rxd2 {[%clk 0:02:54]
} 23... Bxf4 {[%clk 1:00:56]} 24. b3 {[%clk 0:00:52]} 24... Qd4 {[%clk 0:59:36]
} 25. c4 {[%clk 0:00:56]} 25... Qc3+ {[%clk 0:59:57]} 0-1

[Event "ODJM B 2018"]
[Site "Willingen GER"]
[Date "2018.05.25"]
[Round "8"]
[White "Udaykumar, Arunn Mark"]
[Black "Lehmann, Tim"]
[Result "0-1"]
[Termination "normal"]
[Board "2"]
[WhiteElo "1765"]
[BlackElo "1781"]
[WhiteClock "00:05:37"]
[BlackClock "00:34:56"]
[PlyCount "74"]
[WhiteFideId "12965456"]
[BlackFideId "12979171"]
[EventCountry "GER"]
[EventRounds "9"]
[EventType "swiss"]
[EventDate "2018.05.19"]

1. e4 {[%clk 1:30:51]} 1... c5 {[%clk 1:29:48]} 2. Nf3 {[%clk 1:31:09]} 2... d6
{[%clk 1:30:10]} 3. d4 {[%clk 1:31:32]} 3... cxd4 {[%clk 1:30:33]} 4. Nxd4 {
[%clk 1:31:59]} 4... Nf6 {[%clk 1:30:52]} 5. Nc3 {[%clk 1:32:22]} 5... a6 {
[%clk 1:31:07]} 6. Bg5 {[%clk 1:29:13]} 6... e6 {[%clk 1:31:29]} 7. f4 { [%clk
1:27:45]} 7... Be7 {[%clk 1:30:55]} 8. Qf3 {[%clk 1:26:38]} 8... Qc7 { [%clk
1:28:29]} 9. O-O-O {[%clk 1:22:37]} 9... Nbd7 {[%clk 1:27:51]} 10. g4 { [%clk
1:19:22]} 10... h6 {[%clk 1:25:29]} 11. Bxf6 {[%clk 1:14:12]} 11... Bxf6 {[%clk
1:25:46]} 12. h4 {[%clk 1:13:48]} 12... Qb6 {[%clk 1:26:09]} 13. Nb3 { [%clk
1:11:56]} 13... Qc7 {[%clk 1:26:37]} 14. Nd4 {[%clk 1:04:28]} 14... Qb6 { [%clk
1:26:46]} 15. Nb3 {[%clk 0:59:10]} 15... Qc7 {[%clk 1:27:15]} 16. Ne2 { [%clk
0:59:10]} 16... Be7 {[%clk 1:18:36]} 17. Bh3 {[%clk 0:54:19]} 17... g5 { [%clk
1:06:45]} 18. hxg5 {[%clk 0:48:56]} 18... hxg5 {[%clk 1:07:05]} 19. Bg2 { [%clk
0:47:21]} 19... Rg8 {[%clk 1:02:50]} 20. f5 {[%clk 0:42:27]} 20... Ne5 { [%clk
1:02:08]} 21. Qh3 {[%clk 0:37:04]} 21... Bd7 {[%clk 1:00:54]} 22. Qh7 { [%clk
0:34:56]} 22... O-O-O {[%clk 1:00:36]} 23. Qh3 {[%clk 0:33:28]} 23... Kb8
{[%clk 0:54:27]} 24. Nc3 {[%clk 0:24:31]} 24... Bf6 {[%clk 0:50:55]} 25. Nd4 {
[%clk 0:23:16]} 25... Rh8 {[%clk 0:41:16]} 26. Qg3 {[%clk 0:20:59]} 26... Nc6 {
[%clk 0:39:03]} 27. Nxc6+ {[%clk 0:16:49]} 27... Bxc6 {[%clk 0:39:31]} 28. Rxh8
{[%clk 0:16:12]} 28... Bxh8 {[%clk 0:39:59]} 29. Qe3 {[%clk 0:15:12]} 29... Qe7
{[%clk 0:37:04]} 30. Re1 {[%clk 0:11:07]} 30... Be5 {[%clk 0:36:51]} 31. Ne2 {
[%clk 0:09:53]} 31... Qf6 {[%clk 0:34:54]} 32. c3 {[%clk 0:09:33]} 32... Rh8 {
[%clk 0:35:01]} 33. Rh1 {[%clk 0:08:20]} 33... Rxh1+ {[%clk 0:34:47]} 34. Bxh1
{[%clk 0:08:48]} 34... Qh6 {[%clk 0:34:57]} 35. Qf3 {[%clk 0:08:34]} 35... exf5
{[%clk 0:34:51]} 36. Nd4 {[%clk 0:05:42]} 36... Bf4+ {[%clk 0:34:40]} 37. Kd1 {
[%clk 0:05:37]} 37... Bxe4 {[%clk 0:34:56]} 0-1

[Event "ODJM B 2018"]
[Site "Willingen GER"]
[Date "2018.05.25"]
[Round "8"]
[White "Adelmeyer, Matti"]
[Black "Brockmeyer, Tobias"]
[Result "0-1"]
[Termination "normal"]
[Board "3"]
[WhiteElo "1733"]
[BlackElo "1688"]
[WhiteClock "00:00:53"]
[BlackClock "00:02:58"]
[PlyCount "74"]
[WhiteFideId "12962520"]
[BlackFideId "12982385"]
[EventCountry "GER"]
[EventRounds "9"]
[EventType "swiss"]
[EventDate "2018.05.19"]

1. e4 {[%clk 1:30:52]} 1... e6 {[%clk 1:30:59]} 2. d4 {[%clk 1:31:05]} 2... d5
{[%clk 1:31:28]} 3. Nd2 {[%clk 1:30:43]} 3... Nf6 {[%clk 1:31:56]} 4. e5 {
[%clk 1:30:57]} 4... Nfd7 {[%clk 1:32:25]} 5. Bd3 {[%clk 1:30:49]} 5... c5 {
[%clk 1:32:53]} 6. c3 {[%clk 1:30:52]} 6... Nc6 {[%clk 1:33:20]} 7. Ne2 { [%clk
1:30:54]} 7... cxd4 {[%clk 1:33:38]} 8. cxd4 {[%clk 1:30:45]} 8... f6 { [%clk
1:34:05]} 9. Nf4 {[%clk 1:26:00]} 9... Nxd4 {[%clk 1:34:27]} 10. Qh5+ { [%clk
1:25:01]} 10... g6 {[%clk 1:21:04]} 11. Nxg6 {[%clk 1:23:12]} 11... hxg6 {[%clk
1:21:32]} 12. Bxg6+ {[%clk 1:22:33]} 12... Ke7 {[%clk 1:21:59]} 13. Qxh8 {[%clk
1:16:49]} 13... Nxe5 {[%clk 1:09:35]} 14. Qh7+ {[%clk 1:11:47]} 14... Kd6
{[%clk 1:09:43]} 15. b3 {[%clk 1:05:30]} 15... Bd7 {[%clk 0:50:44]} 16. Bb2
{[%clk 0:54:49]} 16... Nec6 {[%clk 0:39:22]} 17. O-O {[%clk 0:38:59]} 17... Qa5
{[%clk 0:34:04]} 18. Rfd1 {[%clk 0:35:36]} 18... e5 {[%clk 0:28:55]} 19. Nf1 {
[%clk 0:14:45]} 19... Ne2+ {[%clk 0:12:55]} 20. Kh1 {[%clk 0:15:08]} 20... Nf4
{[%clk 0:13:23]} 21. Ne3 {[%clk 0:14:26]} 21... Kc7 {[%clk 0:04:41]} 22. Be4 {
[%clk 0:04:08]} 22... d4 {[%clk 0:03:49]} 23. Nc4 {[%clk 0:04:21]} 23... Qa6 {
[%clk 0:03:39]} 24. a3 {[%clk 0:02:49]} 24... Re8 {[%clk 0:02:09]} 25. Rac1 {
[%clk 0:02:10]} 25... Re7 {[%clk 0:01:55]} 26. Qh4 {[%clk 0:01:48]} 26... Bg7 {
[%clk 0:01:57]} 27. g3 {[%clk 0:01:26]} 27... Ne6 {[%clk 0:01:09]} 28. Nxe5 {
[%clk 0:01:41]} 28... Qe2 {[%clk 0:00:44]} 29. Bxc6 {[%clk 0:01:20]} 29... bxc6
{[%clk 0:00:37]} 30. Nd3 {[%clk 0:01:13]} 30... Qf3+ {[%clk 0:00:53]} 31. Kg1 {
[%clk 0:01:40]} 31... Kd8 {[%clk 0:00:36]} 32. Bxd4 {[%clk 0:01:12]} 32... Ng5
{[%clk 0:01:02]} 33. Nf4 {[%clk 0:00:44]} 33... Re4 {[%clk 0:01:31]} 34. Rd3 {
[%clk 0:00:33]} 34... Rxf4 {[%clk 0:01:38]} 35. Rxf3 35... Nxf3+ { [%clk
0:02:02]} 36. Kg2 {[%clk 0:00:55]} 36... Nxh4+ {[%clk 0:02:29]} 37. gxh4 {[%clk
0:00:53]} 37... Rxd4 {[%clk 0:02:58]} 0-1

[Event "ODJM B 2018"]
[Site "Willingen GER"]
[Date "2018.05.25"]
[Round "8"]
[White "Schmidt, Arne"]
[Black "Rothenberg, Jannik"]
[Result "0-1"]
[Termination "normal"]
[Board "4"]
[WhiteElo "1727"]
[BlackElo "1678"]
[WhiteClock "00:04:43"]
[BlackClock "00:02:03"]
[PlyCount "76"]
[WhiteFideId "16263154"]
[BlackFideId "16204743"]
[EventCountry "GER"]
[EventRounds "9"]
[EventType "swiss"]
[EventDate "2018.05.19"]

1. Nf3 {[%clk 1:30:26]} 1... d5 {[%clk 1:30:44]} 2. g3 {[%clk 1:30:44]} 2...
Bf5 {[%clk 1:30:15]} 3. Bg2 {[%clk 1:30:56]} 3... Nf6 {[%clk 1:30:02]} 4. O-O {
[%clk 1:31:14]} 4... e6 {[%clk 1:29:56]} 5. d3 {[%clk 1:31:03]} 5... h6 { [%clk
1:29:31]} 6. Nbd2 {[%clk 1:30:40]} 6... Be7 {[%clk 1:28:23]} 7. Qe1 { [%clk
1:20:58]} 7... O-O {[%clk 1:26:01]} 8. e4 {[%clk 1:19:34]} 8... Bh7 { [%clk
1:23:44]} 9. Kh1 {[%clk 1:18:10]} 9... c5 {[%clk 1:16:47]} 10. Ng1 { [%clk
1:17:06]} 10... Nc6 {[%clk 1:12:22]} 11. f4 {[%clk 1:15:16]} 11... Nd4 { [%clk
1:02:21]} 12. Qd1 {[%clk 1:14:10]} 12... Rc8 {[%clk 0:58:49]} 13. c3 { [%clk
1:14:04]} 13... Nc6 {[%clk 0:58:37]} 14. g4 {[%clk 0:58:02]} 14... dxe4 { [%clk
0:47:54]} 15. dxe4 {[%clk 0:56:06]} 15... Qd3 {[%clk 0:45:25]} 16. Qf3 { [%clk
0:50:21]} 16... Rfd8 {[%clk 0:41:31]} 17. Re1 {[%clk 0:48:23]} 17... Qxf3
{[%clk 0:36:00]} 18. Bxf3 {[%clk 0:48:34]} 18... b5 {[%clk 0:34:26]} 19. a3 {
[%clk 0:38:59]} 19... a5 {[%clk 0:31:59]} 20. Ne2 {[%clk 0:32:20]} 20... Nd7 {
[%clk 0:25:01]} 21. a4 {[%clk 0:28:04]} 21... b4 {[%clk 0:19:42]} 22. c4 {
[%clk 0:27:31]} 22... Nd4 {[%clk 0:17:02]} 23. Nxd4 {[%clk 0:26:55]} 23... cxd4
{[%clk 0:17:25]} 24. Nb3 {[%clk 0:25:00]} 24... Rxc4 {[%clk 0:13:36]} 25. Nxa5
{[%clk 0:25:05]} 25... Rc2 {[%clk 0:13:14]} 26. Nb3 {[%clk 0:18:46]} 26... Nc5
{[%clk 0:13:31]} 27. Nxc5 {[%clk 0:14:21]} 27... Rxc5 {[%clk 0:12:15]} 28. Rd1
{[%clk 0:11:24]} 28... e5 {[%clk 0:08:05]} 29. f5 {[%clk 0:11:16]} 29... Rdc8 {
[%clk 0:07:12]} 30. Be2 {[%clk 0:11:00]} 30... Kf8 {[%clk 0:07:02]} 31. Bd2 {
[%clk 0:09:51]} 31... Rc2 {[%clk 0:05:42]} 32. b3 {[%clk 0:08:29]} 32... f6 {
[%clk 0:04:42]} 33. Rac1 {[%clk 0:07:23]} 33... Bg8 {[%clk 0:05:22]} 34. Bc4 {
[%clk 0:05:50]} 34... Rxc1 {[%clk 0:05:10]} 35. Rxc1 {[%clk 0:06:19]} 35...
Bxc4 {[%clk 0:05:22]} 36. bxc4 {[%clk 0:05:32]} 36... b3 {[%clk 0:03:56]} 37.
c5 {[%clk 0:04:35]} 37... Rxc5 {[%clk 0:02:04]} 38. Rb1 {[%clk 0:04:43]} 38...
Rc2 {[%clk 0:02:03]} 0-1

[Event "ODJM B 2018"]
[Site "Willingen GER"]
[Date "2018.05.25"]
[Round "8"]
[White "Pauls, Fynn"]
[Black "Werner, Tom"]
[Result "1-0"]
[Termination "normal"]
[Board "5"]
[WhiteElo "1789"]
[BlackElo "1615"]
[WhiteClock "00:16:12"]
[BlackClock "00:20:44"]
[PlyCount "49"]
[WhiteFideId "16213149"]
[BlackFideId "16223756"]
[EventCountry "GER"]
[EventRounds "9"]
[EventType "swiss"]
[EventDate "2018.05.19"]

1. d4 {[%clk 1:30:59]} 1... e6 {[%clk 1:30:52]} 2. Nf3 {[%clk 1:31:10]} 2... d5
{[%clk 1:31:07]} 3. c4 {[%clk 1:31:17]} 3... Nf6 {[%clk 1:31:29]} 4. Nc3 {
[%clk 1:31:29]} 4... Bb4 {[%clk 1:31:24]} 5. e3 {[%clk 1:24:56]} 5... c5 {
[%clk 1:29:15]} 6. a3 {[%clk 1:23:38]} 6... Bxc3+ {[%clk 1:27:45]} 7. bxc3 {
[%clk 1:24:08]} 7... cxd4 {[%clk 1:26:43]} 8. cxd4 {[%clk 1:23:40]} 8... Nc6 {
[%clk 1:26:08]} 9. Bd3 {[%clk 1:22:00]} 9... O-O {[%clk 1:25:14]} 10. O-O {
[%clk 1:22:26]} 10... Bd7 {[%clk 1:23:17]} 11. Rb1 {[%clk 1:20:06]} 11... Qc7 {
[%clk 1:17:59]} 12. cxd5 {[%clk 1:17:48]} 12... exd5 {[%clk 1:16:50]} 13. Bb2 {
[%clk 1:12:58]} 13... Rfe8 {[%clk 1:13:51]} 14. Qc2 {[%clk 1:08:21]} 14... Rac8
{[%clk 1:05:30]} 15. Rfc1 {[%clk 1:07:07]} 15... b6 {[%clk 1:01:27]} 16. Ne5 {
[%clk 0:46:26]} 16... Qb7 {[%clk 0:50:17]} 17. Nxd7 {[%clk 0:37:30]} 17... Qxd7
{[%clk 0:47:54]} 18. Bf5 {[%clk 0:32:20]} 18... Qb7 {[%clk 0:42:04]} 19. Bxc8 {
[%clk 0:32:04]} 19... Rxc8 {[%clk 0:42:15]} 20. a4 {[%clk 0:30:38]} 20... Ne7 {
[%clk 0:40:44]} 21. Qd3 {[%clk 0:30:21]} 21... Ne4 {[%clk 0:35:47]} 22. Ba3 {
[%clk 0:27:18]} 22... Nc6 {[%clk 0:34:30]} 23. f3 {[%clk 0:23:40]} 23... Nf6 {
[%clk 0:32:21]} 24. Qb5 {[%clk 0:18:17]} 24... Na5 {[%clk 0:20:44]} 25. Qxa5 {
[%clk 0:16:12]} 1-0

[Event "ODJM B 2018"]
[Site "Willingen GER"]
[Date "2018.05.25"]
[Round "8"]
[White "Oberhofer, Marie"]
[Black "Diegel, Jonas"]
[Result "1-0"]
[Termination "normal"]
[Board "6"]
[WhiteElo "1751"]
[BlackElo "1712"]
[WhiteClock "00:13:05"]
[BlackClock "00:12:05"]
[PlyCount "53"]
[WhiteFideId "12938165"]
[BlackFideId "16206061"]
[EventCountry "GER"]
[EventRounds "9"]
[EventType "swiss"]
[EventDate "2018.05.19"]

1. e4 {[%clk 1:30:57]} 1... e6 {[%clk 1:30:57]} 2. d4 {[%clk 1:31:21]} 2... d5
{[%clk 1:31:24]} 3. e5 {[%clk 1:31:44]} 3... c5 {[%clk 1:31:50]} 4. c3 { [%clk
1:32:09]} 4... Nc6 {[%clk 1:32:17]} 5. Nf3 {[%clk 1:32:32]} 5... Qb6 { [%clk
1:32:43]} 6. a3 {[%clk 1:32:56]} 6... Nh6 {[%clk 1:32:57]} 7. b4 { [%clk
1:32:27]} 7... cxd4 {[%clk 1:33:07]} 8. cxd4 {[%clk 1:32:49]} 8... Nf5 { [%clk
1:33:31]} 9. Be3 {[%clk 1:32:59]} 9... f6 {[%clk 1:33:52]} 10. Nc3 { [%clk
1:26:33]} 10... Nxe3 {[%clk 1:30:20]} 11. fxe3 {[%clk 1:25:50]} 11... fxe5
{[%clk 1:29:41]} 12. Na4 {[%clk 1:24:50]} 12... Qc7 {[%clk 1:25:50]} 13. Rc1
{[%clk 1:22:50]} 13... Bd6 {[%clk 1:23:51]} 14. Bb5 {[%clk 1:10:58]} 14... e4
{[%clk 1:21:00]} 15. Ne5 {[%clk 0:59:50]} 15... Bxe5 {[%clk 1:04:58]} 16. Qh5+
{[%clk 0:53:30]} 16... Ke7 {[%clk 1:04:14]} 17. dxe5 {[%clk 0:43:39]} 17...
Qxe5 {[%clk 1:03:42]} 18. Qxe5 {[%clk 0:42:40]} 18... Nxe5 { [%clk 1:03:51]}
19. Rc7+ {[%clk 0:42:31]} 19... Kf6 {[%clk 0:39:29]} 20. Rf1+ { [%clk 0:35:33]}
20... Kg6 {[%clk 0:36:30]} 21. Nc5 {[%clk 0:29:03]} 21... Rd8 { [%clk 0:27:11]}
22. Re7 {[%clk 0:25:12]} 22... Rd6 {[%clk 0:26:14]} 23. Rf4 { [%clk 0:19:49]}
23... h6 {[%clk 0:25:19]} 24. Rf8 {[%clk 0:16:18]} 24... a6 { [%clk 0:16:53]}
25. Be8+ {[%clk 0:13:43]} 25... Kh7 {[%clk 0:17:04]} 26. Bh5 { [%clk 0:13:04]}
26... Nd7 {[%clk 0:12:05]} 27. Nxd7 {[%clk 0:13:05]} 1-0

[Event "ODJM B 2018"]
[Site "Willingen GER"]
[Date "2018.05.25"]
[Round "8"]
[White "Thumm, Niklas"]
[Black "Walow, Xenia"]
[Result "1/2-1/2"]
[Termination "normal"]
[Board "7"]
[WhiteElo "1781"]
[BlackElo "1742"]
[WhiteClock "00:04:47"]
[BlackClock "00:09:16"]
[PlyCount "74"]
[WhiteFideId "12918733"]
[BlackFideId "12971839"]
[EventCountry "GER"]
[EventRounds "9"]
[EventType "swiss"]
[EventDate "2018.05.19"]

1. Nc3 {[%clk 1:30:58]} 1... c5 {[%clk 1:30:50]} 2. Nf3 {[%clk 1:31:24]} 2...
Nc6 {[%clk 1:31:14]} 3. d4 {[%clk 1:31:49]} 3... d5 {[%clk 1:30:55]} 4. Bf4 {
[%clk 1:19:43]} 4... e6 {[%clk 1:29:06]} 5. e3 {[%clk 1:16:48]} 5... a6 { [%clk
1:26:45]} 6. Be2 {[%clk 1:01:38]} 6... Nf6 {[%clk 1:24:50]} 7. Qd2 { [%clk
0:50:45]} 7... Be7 {[%clk 1:21:04]} 8. Na4 {[%clk 0:48:15]} 8... cxd4 { [%clk
1:19:35]} 9. Nxd4 {[%clk 0:47:28]} 9... Ne4 {[%clk 1:17:30]} 10. Nxc6 { [%clk
0:46:15]} 10... bxc6 {[%clk 1:16:40]} 11. Qd4 {[%clk 0:41:35]} 11... Qa5+
{[%clk 1:15:18]} 12. Nc3 {[%clk 0:31:02]} 12... Bf6 {[%clk 1:08:00]} 13. Qd1 {
[%clk 0:19:37]} 13... Bxc3+ {[%clk 1:05:42]} 14. bxc3 {[%clk 0:19:52]} 14...
Qxc3+ {[%clk 1:06:04]} 15. Kf1 {[%clk 0:20:04]} 15... O-O {[%clk 1:04:11]} 16.
f3 {[%clk 0:17:26]} 16... Nd2+ {[%clk 1:01:46]} 17. Kf2 {[%clk 0:17:44]} 17...
Nc4 {[%clk 1:00:17]} 18. Bd3 {[%clk 0:14:43]} 18... e5 {[%clk 0:58:10]} 19.
Bxc4 {[%clk 0:11:13]} 19... exf4 {[%clk 0:57:50]} 20. Bd3 {[%clk 0:11:14]}
20... fxe3+ {[%clk 0:57:02]} 21. Kxe3 {[%clk 0:11:33]} 21... Bf5 { [%clk
0:45:01]} 22. Kf2 {[%clk 0:10:24]} 22... Qd4+ {[%clk 0:43:49]} 23. Kg3 { [%clk
0:09:30]} 23... g5 {[%clk 0:41:59]} 24. h3 {[%clk 0:08:34]} 24... Qh4+ { [%clk
0:32:48]} 25. Kh2 {[%clk 0:09:01]} 25... Qf4+ {[%clk 0:32:36]} 26. Kg1 { [%clk
0:09:18]} 26... Rfe8 {[%clk 0:32:01]} 27. Bxf5 {[%clk 0:08:11]} 27... Qxf5
{[%clk 0:32:20]} 28. Kf2 {[%clk 0:08:23]} 28... Qf4 {[%clk 0:31:15]} 29. Re1
{[%clk 0:08:17]} 29... d4 {[%clk 0:29:11]} 30. Qd3 {[%clk 0:08:00]} 30... c5
{[%clk 0:24:47]} 31. Rad1 {[%clk 0:07:13]} 31... Rxe1 {[%clk 0:18:07]} 32. Rxe1
{[%clk 0:06:54]} 32... Qd6 {[%clk 0:17:56]} 33. Qe4 {[%clk 0:05:36]} 33... Rd8
{[%clk 0:16:04]} 34. Qe5 {[%clk 0:05:13]} 34... h6 {[%clk 0:15:24]} 35. Qxd6
{[%clk 0:04:10]} 35... Rxd6 {[%clk 0:15:43]} 36. Re5 {[%clk 0:04:32]} 36... Rc6
{[%clk 0:15:25]} 37. Ke2 {[%clk 0:04:47]} 37... c4 {[%clk 0:09:16]} 1/2-1/2